Central Library OPAC University of Rajshahi
Normal view MARC view

Entry Personal Name

Number of records used in: 4

001 - CONTROL NUMBER

  • control field: 6036

003 - CONTROL NUMBER IDENTIFIER

  • control field: BD-RjUL

005 - DATE AND TIME OF LATEST TRANSACTION

  • control field: 20221127163310.0

008 - FIXED-LENGTH DATA ELEMENTS

  • fixed length control field: 221127|| aca||aabn | a|a d

040 ## - CATALOGING SOURCE

  • Original cataloging agency: BD-RjUL
  • Transcribing agency: BD-RjUL

100 ## - HEADING--PERSONAL NAME

  • Personal name: Zaman, Ather-Uz

670 ## - SOURCE DATA FOUND

  • Source citation: Work cat.: (BD-RjUL)80850: Zaman, Ather-Uz, In vitro propagation and somatic embryogenesis of morus Sp. /, 1995